Statistics for Geometry Dash Official Levels

Click here to take the quiz!

General Stats

  • This quiz has been taken 11 times
  • The average score is 20 of 21

Answer Stats

DifficultyLevel Name% Correct
EasyBack on Track
100%
HardBase After Base
100%
HardCan't Let Go
100%
DemonClubstep
100%
InsaneClutterfunk
100%
HarderCycles
100%
NormalDry Out
100%
InsaneFingerdash
100%
HarderJumper
100%
NormalPolargeist
100%
EasyStereo Madness
100%
InsaneTheory of Everything
100%
DemonTheory of Everything 2
100%
HarderTime Machine
100%
InsanexStep
100%
HarderBlast Processing
89%
DemonDeadlocked
89%
HarderGeometrical Dominator
89%
InsaneHexagon Force
89%
InsaneElectrodynamix
78%
InsaneElectroman Adventures
78%

Score Distribution

Percentile by Number Answered

Percent of People with Each Score

Your Score History

You have not taken this quiz